Normal view MARC view
  • Tomatoes

Entry Topical Term

Number of records used in: 1

001 - CONTROL NUMBER

  • control field: 5578

003 - CONTROL NUMBER IDENTIFIER

  • control field: OSt

005 - DATE AND TIME OF LATEST TRANSACTION

  • control field: 20170517150054.0

008 - FIXED-LENGTH DATA ELEMENTS

  • fixed length control field: 170517|| aca||aabn | a|a d

040 ## - CATALOGING SOURCE

  • Original cataloging agency: OSt
  • Transcribing agency: OSt

150 ## - HEADING--TOPICAL TERM

  • Topical term or geographic name entry element: Tomatoes
  • Form subdivision: Specifications
  • Geographic subdivision: Malaysia

670 ## - SOURCE DATA FOUND

  • Source citation: Work cat.: (OSt)0: Malaysia. Jabatan Standard 5568, Fresh tomatoes :, c2010
Pusat Sumber Maklumat Dato' Haji Sarmin Md Hussin, Akademi Kastam Diraja Malaysia, Melaka
Tel: 06-2331106 | Faks: 06-2313787